| 000 | 00464 a2200205 4500 | ||
|---|---|---|---|
| 260 | _aParis | ||
| 100 | _aDEMANGEOT,Jean | ||
| 260 | _bMasson | ||
| 245 | _aLes espaces naturels tropicaux : (essai de géographie physique) | ||
| 300 | _a190p. | ||
| 650 | _aGEOGRAPHIE | ||
| 650 | _aENVIRONNEMENT | ||
| 260 | _c1976 | ||
| 130 | _lFR | ||
| 690 | _aESPACE NATUREL | ||
| 690 | _aESPACE TROPICAL | ||
| 020 | _a2-225-44066-2 | ||
| 999 |
_c22219 _d22219 |
||